000 00304nam a22001337a 4500
008 170405b xxu||||| |||| 00| 0 eng d
020 _a9780316199926
041 _aeng
080 _22ND
_a616.34
100 _a9
101 _aSHM
245 _aMANUAL OF GASTROENTEROLOGY
_cEASTWOOK, G.L
942 _2udc
_cBK
999 _c9839
_d9839